00364nam a2200157Ia 4500003000400000005001700004008004100021040000700062041000800069082001300077100001700090245006100107260001700168300000900185650001200194OSt20251120114040.0250729s1925 xx 000 0 und d cAL aeng a954 HENH aHennessy H E aHistory of india with notes on administration(1526-1925) aBombayc1925 a565p aHistory